[Event "Deutsche Ländermeisterschaft 2024"]
[Site "Tübingen GER"]
[Date "2024.10.05"]
[Round "5"]
[White "Albrecht, Sidney Jenna"]
[Black "Mersmann, Jasmin"]
[Result "1-0"]
[Termination "normal"]
[Board "6.8"]
[WhiteElo "1544"]
[BlackElo "1610"]
[WhiteClock "00:14:26"]
[BlackClock "00:16:47"]
[WhiteTeam "Thüringen"]
[BlackTeam "Baden"]
[PlyCount "122"]
[WhiteFideId "34660283"]
[BlackFideId "34630287"]
[EventCountry "GER"]
[EventRounds "7"]
[EventType "team-swiss"]
[EventDate "2024.10.02"]

1. c4 {[%clk 01:30:57]} {[%emt 00:00:03]} e6 {[%clk 01:30:50]} 2. g3 {[%clk
01:31:16]} Nf6 {[%clk 01:31:06]} 3. Nc3 {[%clk 01:30:24]} d5 {[%clk 01:30:59]}
4. Bg2 {[%clk 01:29:30]} dxc4 {[%clk 01:30:55]} 5. Qa4+ {[%clk 01:29:32]} Bd7
{[%clk 01:28:56]} {[%emt 00:01:39]} 6. Qxc4 {[%clk 01:29:39]} {[%emt 00:00:25]}
Nc6 {[%clk 01:28:55]} {[%emt 00:00:29]} 7. Nf3 {[%clk 01:24:47]} {[%emt
00:05:24]} Be7 {[%clk 01:27:51]} {[%emt 00:01:33]} 8. O-O {[%clk 01:23:05]}
{[%emt 00:02:12]} O-O {[%clk 01:27:52]} {[%emt 00:00:30]} 9. d4 {[%clk
01:20:39]} {[%emt 00:02:55]} Ne8 {[%clk 01:26:21]} {[%emt 00:02:01]} 10. e4
{[%clk 01:10:26]} {[%emt 00:10:43]} Nd6 {[%clk 01:26:04]} {[%emt 00:00:47]} 11.
Qe2 {[%clk 01:07:24]} {[%emt 00:03:31]} f6 {[%clk 01:23:24]} {[%emt 00:03:10]}
12. e5 {[%clk 01:01:36]} {[%emt 00:06:18]} fxe5 {[%clk 01:23:16]} {[%emt
00:00:37]} 13. dxe5 {[%clk 01:01:33]} {[%emt 00:00:34]} Nf7 {[%clk 01:21:24]}
{[%emt 00:02:22]} 14. Rd1 {[%clk 00:59:18]} {[%emt 00:02:44]} Qc8 {[%clk
01:18:48]} {[%emt 00:03:05]} 15. b3 {[%clk 00:55:30]} {[%emt 00:04:19]} Bc5
{[%clk 01:17:22]} {[%emt 00:01:52]} 16. Ne4 {[%clk 00:52:09]} {[%emt 00:03:55]}
Bb6 {[%clk 01:14:48]} {[%emt 00:03:04]} 17. Bb2 {[%clk 00:48:29]} {[%emt
00:04:10]} Ne7 {[%clk 01:13:30]} {[%emt 00:01:48]} 18. Rac1 {[%clk 00:45:49]}
{[%emt 00:03:10]} a6 {[%clk 01:12:34]} {[%emt 00:01:25]} 19. Qd2 {[%clk
00:35:45]} {[%emt 00:10:35]} Bc6 {[%clk 01:12:20]} {[%emt 00:00:44]} 20. Nc5
{[%clk 00:30:39]} {[%emt 00:05:36]} Rd8 {[%clk 01:09:42]} {[%emt 00:03:07]} 21.
Qc2 {[%clk 00:29:23]} {[%emt 00:01:46]} Nd5 {[%clk 01:07:29]} {[%emt 00:02:43]}
22. a3 {[%clk 00:25:03]} {[%emt 00:04:50]} Rf8 {[%clk 00:59:32]} {[%emt
00:08:28]} 23. Rd2 {[%clk 00:23:02]} {[%emt 00:02:31]} Ba5 {[%clk 00:58:30]}
{[%emt 00:01:32]} 24. b4 {[%clk 00:21:21]} {[%emt 00:02:10]} Bb6 {[%clk
00:58:17]} {[%emt 00:00:42]} 25. Re1 {[%clk 00:19:31]} {[%emt 00:02:20]} a5
{[%clk 00:57:04]} {[%emt 00:01:44]} 26. Nd3 {[%clk 00:17:22]} {[%emt 00:02:38]}
axb4 {[%clk 00:56:16]} {[%emt 00:01:18]} 27. axb4 {[%clk 00:17:02]} {[%emt
00:00:50]} Ba4 {[%clk 00:53:50]} {[%emt 00:02:56]} 28. Qc1 {[%clk 00:16:34]}
{[%emt 00:00:58]} Bb5 {[%clk 00:53:08]} {[%emt 00:01:10]} 29. Bc3 {[%clk
00:14:54]} {[%emt 00:02:12]} Ra4 {[%clk 00:51:46]} {[%emt 00:01:40]} 30. Qb2
{[%clk 00:13:32]} {[%emt 00:02:04]} Qa8 {[%clk 00:46:47]} {[%emt 00:05:16]} 31.
Nc5 {[%clk 00:09:22]} {[%emt 00:04:52]} Ra2 {[%clk 00:43:38]} {[%emt 00:03:38]}
32. Qxa2 {[%clk 00:08:11]} {[%emt 00:01:44]} Qxa2 {[%clk 00:41:19]} {[%emt
00:02:48]} 33. Rxa2 {[%clk 00:08:16]} {[%emt 00:00:25]} Nxc3 {[%clk 00:41:36]}
{[%emt 00:00:13]} 34. Rc2 {[%clk 00:08:01]} {[%emt 00:00:45]} Nd5 {[%clk
00:41:01]} {[%emt 00:00:56]} 35. Nxe6 {[%clk 00:07:19]} {[%emt 00:01:20]} Re8
{[%clk 00:40:11]} {[%emt 00:01:19]} 36. Ned4 {[%clk 00:06:47]} {[%emt
00:01:04]} Bd3 {[%clk 00:24:21]} {[%emt 00:16:19]} 37. Rb2 {[%clk 00:05:23]}
{[%emt 00:01:54]} Bg6 {[%clk 00:16:35]} {[%emt 00:08:15]} 38. Nb5 {[%clk
00:03:40]} {[%emt 00:02:14]} Nh6 {[%clk 00:10:37]} {[%emt 00:06:27]} 39. Nh4
{[%clk 00:03:08]} {[%emt 00:01:03]} Nxb4 {[%clk 00:08:56]} {[%emt 00:02:10]}
40. Ree2 {[%clk 00:02:03]} {[%emt 00:01:35]} Bd3 {[%clk 00:04:42]} {[%emt
00:04:45]} 41. Red2 {[%clk 00:27:13]} {[%emt 00:05:20]} Bxb5 {[%clk 00:32:49]}
{[%emt 00:02:23]} 42. Rxb4 {[%clk 00:26:14]} {[%emt 00:01:29]} Ba5 {[%clk
00:32:52]} {[%emt 00:00:23]} 43. Rxb5 {[%clk 00:26:01]} {[%emt 00:00:47]} Bxd2
{[%clk 00:33:03]} {[%emt 00:00:19]} 44. Bxb7 {[%clk 00:26:02]} {[%emt
00:00:29]} Ng4 {[%clk 00:31:55]} {[%emt 00:01:38]} 45. Nf3 {[%clk 00:24:55]}
{[%emt 00:01:37]} Bc3 {[%clk 00:31:25]} {[%emt 00:01:00]} 46. Bd5+ {[%clk
00:24:41]} {[%emt 00:00:44]} Kf8 {[%clk 00:30:12]} {[%emt 00:01:44]} 47. e6
{[%clk 00:24:34]} {[%emt 00:00:36]} c6 {[%clk 00:28:52]} {[%emt 00:01:50]} 48.
Bxc6 {[%clk 00:24:26]} {[%emt 00:00:38]} Rxe6 {[%clk 00:28:19]} {[%emt
00:01:04]} 49. Bd7 {[%clk 00:22:44]} {[%emt 00:02:12]} Re4 {[%clk 00:27:25]}
{[%emt 00:01:23]} 50. Bf5 {[%clk 00:21:00]} {[%emt 00:02:15]} Ra4 {[%clk
00:27:05]} {[%emt 00:00:43]} 51. Bxh7 {[%clk 00:19:12]} {[%emt 00:02:25]} Ra2
{[%clk 00:25:07]} {[%emt 00:02:23]} 52. Rb8+ {[%clk 00:16:52]} {[%emt
00:02:54]} Ke7 {[%clk 00:24:41]} {[%emt 00:00:56]} 53. Rc8 {[%clk 00:16:49]}
{[%emt 00:00:33]} Bb4 {[%clk 00:20:27]} {[%emt 00:04:44]} 54. Rc4 {[%clk
00:15:53]} {[%emt 00:01:26]} Nf6 {[%clk 00:19:02]} {[%emt 00:01:55]} 55. Rxb4
{[%clk 00:15:43]} {[%emt 00:00:40]} Nxh7 {[%clk 00:19:25]} {[%emt 00:00:08]}
56. h4 {[%clk 00:14:39]} {[%emt 00:01:34]} Nf6 {[%clk 00:19:01]} {[%emt
00:00:54]} 57. g4 {[%clk 00:14:31]} {[%emt 00:00:38]} Ra3 {[%clk 00:19:00]}
{[%emt 00:00:30]} 58. Ng5 {[%clk 00:14:14]} {[%emt 00:00:49]} Ra8 {[%clk
00:17:59]} {[%emt 00:01:26]} 59. Rb7+ {[%clk 00:13:59]} {[%emt 00:00:49]} Kf8
{[%clk 00:17:54]} {[%emt 00:00:36]} 60. Ne6+ {[%clk 00:14:11]} {[%emt
00:00:18]} Ke8 {[%clk 00:16:47]} {[%emt 00:01:34]} 61. Nc7+ {[%clk 00:14:26]}
{[%emt 00:00:17]} Ng8 {[%emt 00:00:28]} 1-0

[Event "Deutsche Ländermeisterschaft 2024"]
[Site "Tübingen GER"]
[Date "2024.10.05"]
[Round "5"]
[White "Mukazhanov, Mansur"]
[Black "Sun, Christopher"]
[Result "0-1"]
[Termination "normal"]
[Board "7.5"]
[WhiteElo "1896"]
[BlackElo "1711"]
[WhiteClock "00:43:50"]
[BlackClock "00:10:10"]
[WhiteTeam "Saarland & Friends"]
[BlackTeam "SG Baden / Württemberg"]
[PlyCount "98"]
[WhiteFideId "13752324"]
[BlackFideId "34630368"]
[EventCountry "GER"]
[EventRounds "7"]
[EventType "team-swiss"]
[EventDate "2024.10.02"]

1. e4 {[%clk 01:30:57]} {[%emt 11:41:57]} e6 {[%clk 01:30:56]} 2. d4 {[%clk
01:31:22]} d5 {[%clk 01:31:24]} 3. Nc3 {[%clk 01:31:42]} Bb4 {[%clk 01:31:39]}
4. e5 {[%clk 01:32:06]} c5 {[%clk 01:32:06]} 5. a3 {[%clk 01:32:30]} Bxc3+
{[%clk 01:32:22]} 6. bxc3 {[%clk 01:32:56]} Qa5 {[%clk 01:32:33]} 7. Bd2 {[%clk
01:33:20]} Qa4 {[%clk 01:32:41]} 8. Qg4 {[%clk 01:33:28]} Kf8 {[%clk 01:33:03]}
9. Qh4 {[%clk 01:28:00]} {[%emt 00:02:40]} Nc6 {[%clk 01:32:25]} {[%emt
00:01:08]} 10. Nf3 {[%clk 01:26:56]} {[%emt 00:01:34]} Qxc2 {[%clk 01:30:29]}
{[%emt 00:02:27]} 11. dxc5 {[%clk 01:27:06]} {[%emt 00:00:20]} Nge7 {[%clk
01:25:30]} {[%emt 00:05:28]} 12. Qf4 {[%clk 01:15:26]} {[%emt 00:12:10]} Ng6
{[%clk 01:23:44]} {[%emt 00:02:15]} 13. Qe3 {[%clk 01:15:49]} {[%emt 00:00:08]}
Qb2 {[%clk 01:19:39]} {[%emt 00:04:35]} 14. Rc1 {[%clk 01:15:48]} {[%emt
00:00:30]} Qxa3 {[%clk 01:17:33]} {[%emt 00:02:35]} 15. Bb5 {[%clk 01:15:58]}
{[%emt 00:00:20]} Qa5 {[%clk 01:05:14]} {[%emt 00:12:49]} 16. Bxc6 {[%clk
01:12:26]} {[%emt 00:04:03]} bxc6 {[%clk 01:04:43]} {[%emt 00:01:01]} 17. c4
{[%clk 01:12:27]} {[%emt 00:00:29]} Qc7 {[%clk 01:01:56]} {[%emt 00:03:16]} 18.
cxd5 {[%clk 01:12:42]} {[%emt 00:00:15]} exd5 {[%clk 01:01:55]} {[%emt
00:00:31]} 19. O-O {[%clk 01:13:05]} {[%emt 00:00:07]} Ba6 {[%clk 00:59:54]}
{[%emt 00:02:32]} 20. Rfe1 {[%clk 01:13:23]} {[%emt 00:00:12]} Re8 {[%clk
00:53:49]} {[%emt 00:06:36]} 21. Qd4 {[%clk 01:05:29]} {[%emt 00:08:23]} h6
{[%clk 00:51:32]} {[%emt 00:02:46]} 22. Ra1 {[%clk 01:03:47]} {[%emt 00:02:13]}
Bb5 {[%clk 00:50:31]} {[%emt 00:01:31]} 23. Qg4 {[%clk 01:02:53]} {[%emt
00:01:24]} a6 {[%clk 00:33:32]} {[%emt 00:17:31]} 24. e6 {[%clk 01:00:56]}
{[%emt 00:02:26]} Qc8 {[%clk 00:30:32]} {[%emt 00:03:29]} 25. exf7 {[%clk
00:57:34]} {[%emt 00:03:53]} Rxe1+ {[%clk 00:30:04]} {[%emt 00:00:58]} 26. Rxe1
{[%clk 00:57:46]} {[%emt 00:00:18]} Qxg4 {[%clk 00:30:04]} {[%emt 00:00:30]}
27. Re8+ {[%clk 00:57:26]} {[%emt 00:00:50]} Kxf7 {[%clk 00:30:26]} {[%emt
00:00:09]} 28. Rxh8 {[%clk 00:57:48]} {[%emt 00:00:07]} Nxh8 {[%clk 00:30:50]}
{[%emt 00:00:07]} 29. Ne5+ {[%clk 00:58:14]} {[%emt 00:00:05]} Ke7 {[%clk
00:30:38]} {[%emt 00:00:42]} 30. Nxg4 {[%clk 00:58:26]} {[%emt 00:00:17]} Ng6
{[%clk 00:29:56]} {[%emt 00:01:12]} 31. f4 {[%clk 00:58:00]} {[%emt 00:00:57]}
Ke6 {[%clk 00:26:43]} {[%emt 00:03:43]} 32. g3 {[%clk 00:57:41]} {[%emt
00:00:49]} d4 {[%clk 00:25:42]} {[%emt 00:01:30]} 33. Nf2 {[%clk 00:57:20]}
{[%emt 00:00:51]} Kd5 {[%clk 00:25:24]} {[%emt 00:00:48]} 34. Ng4 {[%clk
00:53:25]} {[%emt 00:04:24]} h5 {[%clk 00:24:06]} {[%emt 00:01:49]} 35. Nf2
{[%clk 00:51:27]} {[%emt 00:02:28]} Kxc5 {[%clk 00:24:08]} {[%emt 00:00:29]}
36. f5 {[%clk 00:49:43]} {[%emt 00:02:14]} Ne7 {[%clk 00:20:03]} {[%emt
00:04:34]} 37. f6 {[%clk 00:49:24]} {[%emt 00:00:49]} gxf6 {[%clk 00:19:36]}
{[%emt 00:00:57]} 38. Ne4+ {[%clk 00:49:44]} {[%emt 00:00:09]} Kc4 {[%clk
00:19:12]} {[%emt 00:00:55]} 39. Nxf6 {[%clk 00:49:51]} {[%emt 00:00:24]} Kd3
{[%clk 00:18:26]} {[%emt 00:01:15]} 40. Ba5 {[%clk 00:49:39]} {[%emt 00:00:41]}
Kc2 {[%clk 00:17:06]} {[%emt 00:01:51]} 41. Bb4 {[%clk 00:47:35]} {[%emt
00:02:35]} d3 {[%clk 00:14:30]} {[%emt 00:03:06]} 42. Ne4 {[%clk 00:46:48]}
{[%emt 00:01:16]} Nd5 {[%clk 00:13:45]} {[%emt 00:01:16]} 43. Be1 {[%clk
00:44:32]} {[%emt 00:02:45]} c5 {[%clk 00:12:49]} {[%emt 00:01:27]} 44. Nxc5
{[%clk 00:43:49]} {[%emt 00:01:13]} d2 {[%clk 00:12:30]} {[%emt 00:00:50]} 45.
Bxd2 {[%clk 00:44:15]} {[%emt 00:00:03]} Kxd2 {[%clk 00:12:50]} {[%emt
00:00:10]} 46. Kg2 {[%clk 00:44:42]} {[%emt 00:00:03]} Ke3 {[%clk 00:09:50]}
{[%emt 00:03:31]} 47. Nxa6 {[%clk 00:43:21]} {[%emt 00:01:51]} Bxa6 {[%clk
00:10:02]} {[%emt 00:00:18]} 48. g4 {[%clk 00:43:38]} {[%emt 00:00:12]} hxg4
{[%clk 00:10:02]} {[%emt 00:00:31]} 49. Kg3 {[%clk 00:43:50]} {[%emt 00:00:18]}
Bc8 {[%clk 00:10:10]} {[%emt 00:00:21]} 0-1

[Event "Deutsche Ländermeisterschaft 2024"]
[Site "Tübingen GER"]
[Date "2024.10.05"]
[Round "5"]
[White "Huppert, Anna"]
[Black "Tu, Tiffany"]
[Result "1-0"]
[Termination "normal"]
[Board "7.7"]
[WhiteElo "1661"]
[BlackElo "1675"]
[WhiteClock "00:01:12"]
[BlackClock "00:02:11"]
[WhiteTeam "Saarland & Friends"]
[BlackTeam "SG Baden / Württemberg"]
[PlyCount "177"]
[WhiteFideId "16214439"]
[BlackFideId "34628576"]
[EventCountry "GER"]
[EventRounds "7"]
[EventType "team-swiss"]
[EventDate "2024.10.02"]

1. e4 {[%clk 01:30:57]} e5 {[%clk 01:30:55]} 2. Nf3 {[%clk 01:31:21]} Nc6
{[%clk 01:31:21]} 3. Bc4 {[%clk 01:31:37]} Nf6 {[%clk 01:31:47]} 4. d3 {[%clk
01:31:50]} Bc5 {[%clk 01:32:12]} 5. c3 {[%clk 01:31:46]} d6 {[%clk 01:32:38]}
6. Nbd2 {[%clk 01:30:06]} Be6 {[%clk 01:31:55]} 7. Bb3 {[%clk 01:18:57]} {[%emt
00:10:50]} a6 {[%clk 01:31:21]} {[%emt 00:01:04]} 8. Nf1 {[%clk 01:14:05]}
{[%emt 00:05:21]} Ba7 {[%clk 01:29:46]} {[%emt 00:02:07]} 9. h3 {[%clk
01:06:14]} {[%emt 00:08:19]} Ne7 {[%clk 01:29:11]} {[%emt 00:01:04]} 10. Ng3
{[%clk 01:01:36]} {[%emt 00:05:08]} Ng6 {[%clk 01:28:32]} {[%emt 00:01:10]} 11.
d4 {[%clk 00:45:37]} {[%emt 00:16:29]} exd4 {[%clk 01:20:51]} {[%emt 00:08:11]}
12. cxd4 {[%clk 00:44:36]} {[%emt 00:01:31]} O-O {[%clk 01:19:34]} {[%emt
00:01:46]} 13. O-O {[%clk 00:44:01]} {[%emt 00:01:05]} Re8 {[%clk 01:16:56]}
{[%emt 00:03:09]} 14. Re1 {[%clk 00:42:53]} {[%emt 00:01:36]} c6 {[%clk
01:15:17]} {[%emt 00:02:11]} 15. Bg5 {[%clk 00:36:51]} {[%emt 00:06:31]} h6
{[%clk 01:13:55]} {[%emt 00:01:53]} 16. Bd2 {[%clk 00:36:11]} {[%emt 00:01:10]}
Qd7 {[%clk 01:10:33]} {[%emt 00:03:52]} 17. Bxe6 {[%clk 00:28:02]} {[%emt
00:08:39]} Rxe6 {[%clk 01:09:06]} {[%emt 00:01:57]} 18. Qc2 {[%clk 00:23:11]}
{[%emt 00:05:21]} Rae8 {[%clk 01:07:25]} {[%emt 00:02:11]} 19. Re3 {[%clk
00:21:27]} {[%emt 00:02:13]} d5 {[%clk 01:02:15]} {[%emt 00:05:39]} 20. e5
{[%clk 00:19:18]} {[%emt 00:02:40]} Nh7 {[%clk 01:01:14]} {[%emt 00:01:31]} 21.
Rae1 {[%clk 00:15:58]} {[%emt 00:03:50]} Qd8 {[%clk 00:48:50]} {[%emt
00:12:54]} 22. Rb3 {[%clk 00:12:19]} {[%emt 00:04:09]} Qd7 {[%clk 00:45:42]}
{[%emt 00:03:38]} 23. Nf5 {[%clk 00:10:45]} {[%emt 00:02:04]} Bb8 {[%clk
00:44:52]} {[%emt 00:01:20]} 24. Nh2 {[%clk 00:09:38]} {[%emt 00:01:36]} Ne7
{[%clk 00:43:59]} {[%emt 00:01:24]} 25. Ng3 {[%clk 00:08:40]} {[%emt 00:01:28]}
Rg6 {[%clk 00:43:03]} {[%emt 00:01:24]} 26. f4 {[%clk 00:06:26]} {[%emt
00:02:46]} f5 {[%clk 00:36:09]} {[%emt 00:07:23]} 27. Ngf1 {[%clk 00:04:39]}
{[%emt 00:02:17]} Ba7 {[%clk 00:35:40]} {[%emt 00:00:59]} 28. Nf3 {[%clk
00:04:42]} {[%emt 00:00:28]} Rc8 {[%clk 00:33:28]} {[%emt 00:02:39]} 29. Be3
{[%clk 00:03:54]} {[%emt 00:01:21]} h5 {[%clk 00:30:43]} {[%emt 00:03:14]} 30.
Nh4 {[%clk 00:03:31]} {[%emt 00:00:54]} Rh6 {[%clk 00:28:26]} {[%emt 00:02:47]}
31. Ng3 {[%clk 00:03:53]} {[%emt 00:00:08]} Rf8 {[%clk 00:27:47]} {[%emt
00:01:01]} 32. Qd1 {[%clk 00:03:38]} {[%emt 00:00:53]} g6 {[%clk 00:27:32]}
{[%emt 00:00:44]} 33. Rb4 {[%clk 00:02:34]} {[%emt 00:01:36]} Rc8 {[%clk
00:26:55]} {[%emt 00:01:07]} 34. Qb3 {[%clk 00:02:03]} {[%emt 00:01:01]} Rc7
{[%clk 00:26:34]} {[%emt 00:00:51]} 35. Rc1 {[%clk 00:02:15]} {[%emt 00:00:18]}
Nf8 {[%clk 00:26:34]} {[%emt 00:00:30]} 36. Ra4 {[%clk 00:01:25]} {[%emt
00:01:20]} Ne6 {[%clk 00:26:24]} {[%emt 00:00:39]} 37. Qb4 {[%clk 00:01:14]}
{[%emt 00:00:43]} Nc8 {[%clk 00:24:32]} {[%emt 00:02:22]} 38. Ra3 {[%clk
00:01:11]} {[%emt 00:00:33]} Nb6 {[%clk 00:23:58]} {[%emt 00:01:03]} 39. Rac3
{[%clk 00:00:54]} {[%emt 00:00:47]} Nc4 {[%clk 00:24:04]} {[%emt 00:00:24]} 40.
Ne2 {[%clk 00:00:42]} {[%emt 00:00:41]} a5 {[%clk 00:23:29]} {[%emt 00:01:05]}
41. Qa4 {[%clk 00:23:25]} {[%emt 00:07:48]} b5 {[%clk 00:52:58]} {[%emt
00:01:02]} 42. Qd1 {[%clk 00:19:22]} {[%emt 00:04:32]} Nxb2 {[%clk 00:51:03]}
{[%emt 00:02:24]} 43. Qe1 {[%clk 00:17:01]} {[%emt 00:02:51]} Nc4 {[%clk
00:47:52]} {[%emt 00:03:42]} 44. Bf2 {[%clk 00:14:41]} {[%emt 00:02:50]} Qe7
{[%clk 00:39:25]} {[%emt 00:08:53]} 45. Nf3 {[%clk 00:13:18]} {[%emt 00:01:57]}
Qf8 {[%clk 00:30:26]} {[%emt 00:09:28]} 46. Nd2 {[%clk 00:10:59]} {[%emt
00:02:50]} c5 {[%clk 00:26:35]} {[%emt 00:04:21]} 47. Rd3 {[%clk 00:04:08]}
{[%emt 00:07:21]} cxd4 {[%clk 00:21:22]} {[%emt 00:05:43]} 48. Nxd4 {[%clk
00:02:48]} {[%emt 00:01:51]} Nc5 {[%clk 00:18:41]} {[%emt 00:03:08]} 49. Rf3
{[%clk 00:01:50]} {[%emt 00:01:30]} Nxd2 {[%clk 00:17:49]} {[%emt 00:01:20]}
50. Qxd2 {[%clk 00:02:16]} {[%emt 00:00:05]} Ne4 {[%clk 00:17:54]} {[%emt
00:00:25]} 51. Qd1 {[%clk 00:01:37]} {[%emt 00:01:09]} Rxc1 {[%clk 00:18:10]}
{[%emt 00:00:14]} 52. Qxc1 {[%clk 00:02:00]} {[%emt 00:00:08]} Nxf2 {[%clk
00:18:30]} {[%emt 00:00:09]} 53. Kxf2 {[%clk 00:02:21]} {[%emt 00:00:09]} Bxd4+
{[%clk 00:18:56]} {[%emt 00:00:04]} 54. Ke2 {[%clk 00:02:36]} {[%emt 00:00:15]}
Rh7 {[%clk 00:17:20]} {[%emt 00:02:06]} 55. Rd3 {[%clk 00:02:16]} {[%emt
00:00:50]} Qb4 {[%clk 00:16:03]} {[%emt 00:01:42]} 56. Qc8+ {[%clk 00:01:40]}
{[%emt 00:01:11]} Kg7 {[%clk 00:15:43]} {[%emt 00:00:50]} 57. Qd7+ {[%clk
00:01:23]} {[%emt 00:00:47]} Kh6 {[%clk 00:15:36]} {[%emt 00:00:36]} 58. Qxd5
{[%clk 00:01:48]} {[%emt 00:00:06]} Bc5 {[%clk 00:14:05]} {[%emt 00:02:01]} 59.
g4 {[%clk 00:01:23]} {[%emt 00:00:55]} Qe4+ {[%clk 00:12:59]} {[%emt 00:01:37]}
60. Qxe4 {[%clk 00:01:35]} {[%emt 00:00:17]} fxe4 {[%clk 00:13:25]} {[%emt
00:00:04]} 61. g5+ {[%clk 00:01:50]} {[%emt 00:00:15]} Kg7 {[%clk 00:13:36]}
{[%emt 00:00:19]} 62. Rd7+ {[%clk 00:02:16]} {[%emt 00:00:05]} Kg8 {[%clk
00:13:51]} {[%emt 00:00:15]} 63. Rd8+ {[%clk 00:02:36]} {[%emt 00:00:10]} Bf8
{[%clk 00:14:09]} {[%emt 00:00:12]} 64. Ke3 {[%clk 00:02:55]} {[%emt 00:00:11]}
Rc7 {[%clk 00:12:55]} {[%emt 00:01:43]} 65. Kxe4 {[%clk 00:02:42]} {[%emt
00:00:45]} Rc4+ {[%clk 00:12:33]} {[%emt 00:00:51]} 66. Kd3 {[%clk 00:01:21]}
{[%emt 00:01:51]} Kf7 {[%clk 00:11:22]} {[%emt 00:01:39]} 67. Rd5 {[%clk
00:00:48]} {[%emt 00:01:05]} Rxf4 {[%clk 00:11:10]} {[%emt 00:00:43]} 68. Rxb5
{[%clk 00:01:14]} {[%emt 00:00:04]} Ra4 {[%clk 00:11:09]} {[%emt 00:00:30]} 69.
Kc3 {[%clk 00:00:48]} {[%emt 00:00:57]} Rxa2 {[%clk 00:11:05]} {[%emt
00:00:34]} 70. h4 {[%clk 00:00:41]} {[%emt 00:00:37]} Bb4+ {[%clk 00:11:21]}
{[%emt 00:00:14]} 71. Kd4 {[%clk 00:00:33]} {[%emt 00:00:36]} Re2 {[%clk
00:10:53]} {[%emt 00:01:00]} 72. Rb7+ {[%clk 00:00:52]} {[%emt 00:00:12]} Be7
{[%clk 00:10:44]} {[%emt 00:00:38]} 73. Ra7 {[%clk 00:01:15]} {[%emt 00:00:08]}
Ra2 {[%clk 00:10:14]} {[%emt 00:00:59]} 74. Kd5 {[%clk 00:01:32]} {[%emt
00:00:13]} Rd2+ {[%clk 00:10:22]} {[%emt 00:00:22]} 75. Ke4 {[%clk 00:01:36]}
{[%emt 00:00:26]} Re2+ {[%clk 00:09:47]} {[%emt 00:01:05]} 76. Kd5 {[%clk
00:01:58]} {[%emt 00:00:08]} Rd2+ {[%clk 00:09:12]} {[%emt 00:01:04]} 77. Ke4
{[%clk 00:02:20]} {[%emt 00:00:08]} Ra2 {[%clk 00:09:20]} {[%emt 00:00:22]} 78.
Kd5 {[%clk 00:02:40]} {[%emt 00:00:10]} a4 {[%clk 00:08:03]} {[%emt 00:01:47]}
79. e6+ {[%clk 00:02:36]} {[%emt 00:00:34]} Ke8 {[%clk 00:08:02]} {[%emt
00:00:29]} 80. Ra8+ {[%clk 00:02:56]} {[%emt 00:00:13]} Bd8 {[%clk 00:08:27]}
{[%emt 00:00:05]} 81. Kd6 {[%clk 00:03:13]} {[%emt 00:00:12]} a3 {[%clk
00:07:56]} {[%emt 00:01:02]} 82. e7 {[%clk 00:02:19]} {[%emt 00:01:24]} Rd2+
{[%clk 00:08:16]} {[%emt 00:00:11]} 83. Ke6 {[%clk 00:02:36]} {[%emt 00:00:13]}
Re2+ {[%clk 00:08:41]} {[%emt 00:00:04]} 84. Kf6 {[%clk 00:02:26]} {[%emt
00:00:40]} Rxe7 {[%clk 00:09:04]} {[%emt 00:00:08]} 85. Kxg6 {[%clk 00:02:43]}
{[%emt 00:00:12]} Re3 {[%clk 00:07:21]} {[%emt 00:02:13]} 86. Kxh5 {[%clk
00:03:00]} {[%emt 00:00:13]} Kd7 {[%clk 00:07:38]} {[%emt 00:00:12]} 87. g6
{[%clk 00:01:10]} {[%emt 00:02:20]} Rg3 {[%clk 00:06:23]} {[%emt 00:01:45]} 88.
Ra4 {[%clk 00:01:16]} {[%emt 00:00:25]} Ke7 {[%clk 00:02:11]} {[%emt 00:04:42]}
89. Kh6 {[%clk 00:01:12]} {[%emt 00:00:34]} Kf8 {[%clk 00:01:27]} {[%emt
00:01:14]} 90. Ra8 {[%clk 00:01:20]} {[%emt 00:00:22]} Rd3 {[%emt 00:00:46]}
91. Kh7 {[%clk 00:00:37]} {[%emt 00:01:12]} 1-0